Spider-Man MCU Characters - Statistics

General Stats
  • This quiz has been taken 89 times
  • The average score is 6 of 8
Answer Stats
Character % Correct
Spider-Man
100%
Michelle Jones-Watson
94%
Ned Leeds
91%
May Parker
83%
Flash Thompson
71%
Happy Hogan
68%
Betty Brant
40%
Roger Harrington
17%
No matching quizzes found
Score Distribution
Percent of People with Each Score
Percentile by Number Answered
Your Score History
You have not taken this quiz